Fundamental of electrical engineering & electronics (Record no. 5113)

MARC details
000 -LEADER
fixed length control field 00449nam a22001697a 4500
005 - DATE AND TIME OF LATEST TRANSACTION
control field 20160701152940.0
008 - FIXED-LENGTH DATA ELEMENTS--GENERAL INFORMATION
fixed length control field 160701b xxu||||| |||| 00| 0 eng d
020 ## - INTERNATIONAL STANDARD BOOK NUMBER
ISBN 81-219-2660-2
041 ## - LANGUAGE CODE
Language code of text/sound track or separate title eng
082 ## - DEWEY DECIMAL CLASSIFICATION NUMBER
Item number 20679
100 ## - MAIN ENTRY--AUTHOR NAME
Personal name Theraja B L & AK
245 ## - TITLE STATEMENT
Title Fundamental of electrical engineering & electronics
260 ## - PUBLICATION, DISTRIBUTION, ETC. (IMPRINT)
Place of publication New Delhi
Name of publisher Sultan Chand & Sons,
Year of publication 2014
300 ## - PHYSICAL DESCRIPTION
Number of Pages 823
650 ## - SUBJECT ADDED ENTRY--TOPICAL TERM
Topical Term Diploma Engineering
942 ## - ADDED ENTRY ELEMENTS (KOHA)
Koha item type Books
Holdings
Lost status Damaged status Collection code Home library Current library Shelving location Date acquired Cost, normal purchase price Accession Number Koha item type Full call number Source of acquisition
    Reference JRU Library   SHELF -72- G 01/07/2016 550.00 20679 Books    
      JRU Library   SHELF-36-C 01/07/2016 550.00 20680 Books 20679  
      JRU Library   SHELF-36-C 01/07/2016 550.00 20681 Books 20679  
      JRU Library   SHELF-36-C 01/07/2016 550.00 20682 Books 20679  
    MINING JRU Library JRU Library SHELF-59-L 01/07/2016 550.00 20683 Books 20679 PURCHASE
    MINING JRU Library JRU Library SHELF-59-L 01/07/2016 550.00 20684 Books 20679 PURCHASE
      JRU Library   SHELF-36-C 01/07/2016 550.00 20685 Books 20679  
      JRU Library   SHELF-36-C 01/07/2016 550.00 20686 Books 20679  
      JRU Library   SHELF-36-C 01/07/2016 550.00 20687 Books 20679  
    MINING JRU Library JRU Library SHELF-58-F 01/07/2016 550.00 20688 Books 20679 PURCHASE
      JRU Library   SHELF-36-C 01/07/2016 550.00 20689 Books 20679  
    MINING JRU Library JRU Library SHELF-59-L 01/07/2016 550.00 20690 Books 20679 PURCHASE
      JRU Library   SHELF-36-C 01/07/2016 550.00 20691 Books 20679  
      JRU Library   SHELF-36-C 01/07/2016 550.00 20692 Books 20679  
      JRU Library   SHELF-36-C 01/07/2016 550.00 20693 Books 20679  
      JRU Library   SHELF-36-C 01/07/2016 550.00 20694 Books 20679  
    MINING JRU Library JRU Library SHELF-59-L 01/07/2016 550.00 20695 Books 20679 PURCHASE
      JRU Library   SHELF-36-C 01/07/2016 550.00 20696 Books 20679  
      JRU Library   SHELF-36-C 01/07/2016 550.00 20697 Books 20679  
      JRU Library   SHELF-36-C 01/07/2016 550.00 20698 Books 20679  
      JRU Library   SHELF-36-C 01/07/2016 550.00 20699 Books 20679  
    MINING JRU Library JRU Library SHELF-59-L 01/07/2016 550.00 20700 Books 20679 PURCHASE
      JRU Library   SHELF-36-C 01/07/2016 550.00 20701 Books 20679  
      JRU Library   SHELF-36-C 01/07/2016 550.00 20702 Books 20679  
      JRU Library   SHELF-36-C 01/07/2016 550.00 20703 Books 20679  
      JRU Library   SHELF-36-C 01/07/2016 550.00 20704 Books 20679  
      JRU Library   SHELF-36-C 01/07/2016 550.00 20705 Books 20679  
    MINING JRU Library JRU Library SHELF-58-F 01/07/2016 550.00 20706 Books 20679 PURCHASE
      JRU Library   SHELF-36-C 01/07/2016 550.00 20707 Books 20679  
      JRU Library   SHELF-36-C 01/07/2016 550.00 20708 Books 20679